|
|
|
|
| LEADER |
00000nam0a2200000 4500 |
| 001 |
359722 |
| 005 |
20231102011220.0 |
| 035 |
|
|
|a (RuTPU)RU\TPU\retro\17002
|
| 035 |
|
|
|a RU\TPU\book\132397
|
| 090 |
|
|
|a 359722
|
| 100 |
|
|
|a 20201205d1983 m y0rusy50 ca
|
| 101 |
1 |
|
|a rus
|c ger
|
| 102 |
|
|
|a RU
|
| 105 |
|
|
|a a z 000ay
|
| 200 |
1 |
|
|a Фауст
|e трагедия
|f Иоганн Вольфганг Гёте
|g пер. Бориса Пастернака ; худож. Владимир Носков
|
| 210 |
|
|
|a Москва
|c Художественная литература
|d 1983
|
| 215 |
|
|
|a 469, [2] с.
|c ил.
|
| 300 |
|
|
|a В суперобложке
|
| 606 |
1 |
|
|a Немецкая литература
|2 stltpush
|3 (RuTPU)RU\TPU\subj\45368
|9 64612
|
| 610 |
1 |
|
|a трагедии
|
| 610 |
1 |
|
|a классика
|
| 675 |
|
|
|a 83
|v 3
|
| 700 |
|
1 |
|a Гёте
|b И. В.
|c немецкий писатель
|f 1749-1832
|g Иоганн Вольфганг фон
|2 stltpush
|3 (RuTPU)RU\TPU\pers\1452
|9 641
|
| 702 |
|
1 |
|a Пастернак
|b Б. Л.
|c русский писатель
|c поэт
|f 1890-1960
|g Борис Леонидович
|2 stltpush
|3 (RuTPU)RU\TPU\pers\456
|4 730
|9 223
|
| 702 |
|
1 |
|a Носков
|b В. А.
|c художник
|c иллюстратор
|f 1926-
|g Владимир Александрович
|2 stltpush
|3 (RuTPU)RU\TPU\pers\28475
|4 440
|9 13313
|
| 801 |
|
1 |
|a RU
|b 63413507
|c 20071001
|g PSBO
|
| 801 |
|
2 |
|a RU
|b 63413507
|c 20201205
|g RCR
|
| 942 |
|
|
|c BK
|